00664 2200241 4500001002100000005001700021008004100038035002400079041000800103043001300111082001200124090002200136100001900158245009100177250001000268260003900278300002800317650001200345700001500357700001700372850001200389990002100401YOGYA-0711000000061620110713103221.0 ind  0010-071100000000616 aInd aYOPD DIY a046.046 aDEP 046.046 Har G aHARIYANI, Iswi aGebyar bisnis dengan cara leasingcIswi Hariyani, R. Serfianto ; penyunting, Bala Seda aCet 1 aYogyakartabPustaka Yustisiac2011 ax, 301 hlmbilusc19 cm aLeasing aSeda, Bala aSerfianto, R aYOPDYOG aCB-D.11 2011-321